Statistics for Countries with No Relations with North Korea

Click here to take the quiz!

General Stats

  • This quiz has been taken 175 times
  • The average score is 14 of 27

Answer Stats

HintAnswer% Correct
United States
94%
Japan
70%
Paraguay
70%
Ecuador
69%
Uruguay
69%
South AmericaBolivia
65%
France
60%
Panama
55%
Haiti
55%
Honduras
52%
North AmericaEl Salvador
52%
Taiwan
50%
Palau
50%
Marshall Islands
49%
OceaniaKiribati
49%
Tonga
48%
Solomon Islands
48%
Tuvalu
48%
Samoa
47%
F.S. of Micronesia
46%
Israel
45%
the Holy See
43%
Monaco
39%
EuropeAndorra
37%
Saudi Arabia
23%
AsiaBhutan
23%
Estonia
23%

Score Distribution

Percentile by Number Answered

Percent of People with Each Score

Your Score History

You have not taken this quiz